logo

Bir Sreshtho Munshi Abdur Rouf Library
Jhenaidah Cadet College

Mr Weston's good wine / (Record no. 7393)

MARC details
000 -LEADER
fixed length control field 00912nam a2200313 a 4500
001 - CONTROL NUMBER
JCCL Control Number 7393
003 - CONTROL NUMBER IDENTIFIER
JCCL marc code BD - JhCC
005 - DATE AND TIME OF LATEST TRANSACTION
control field 20180208131850.0
008 - FIXED-LENGTH DATA ELEMENTS--GENERAL INFORMATION
fixed length control field 060427r20061927enk 000 1 eng
020 ## - INTERNATIONAL STANDARD BOOK NUMBER
International Standard Book Number 9780099503743 (pbk.) :
Terms of availability £7.99
020 ## - INTERNATIONAL STANDARD BOOK NUMBER
International Standard Book Number 0099503743 (pbk.) :
Terms of availability £7.99
035 ## - SYSTEM CONTROL NUMBER
system control number (BD - JhCC)7393
035 ## - SYSTEM CONTROL NUMBER
system control number (UkLCURL)08b14491564
038 ## - RECORD CONTENT LICENSOR
Record content licensor Uk
040 ## - CATALOGING SOURCE
Original cataloging agency StDuBDS
Transcribing agency StDuBDS
Modifying agency BD-JhCC
041 ## - LANGUAGE CODE
Language code of Book eng
082 04 - DEWEY DECIMAL CLASSIFICATION NUMBER
Classification number 823.912
DDC Edition number 22
Author mark and Year POW 2006
090 ## - LOCALLY ASSIGNED LC-TYPE CALL NUMBER (OCLC); LOCAL CALL NUMBER (OCLC)
Classification number (OCLC) (R) ; Classification number, CALL (RLIN) (NR) TCD
Local cutter number (OCLC) ; Book number/undivided call number, CALL (RLIN) PB-274-912
100 1# - MAIN ENTRY--PERSONAL NAME
Personal name Powys, Theodore Francis,
Dates associated with a name 1875-1953.
245 10 - TITLE STATEMENT
Title Mr Weston's good wine /
Statement of responsibility, etc T.F. Powys.
260 ## - PUBLICATION, DISTRIBUTION, ETC. (IMPRINT)
Place of publication, distribution, etc London :
Name of publisher, distributor, etc Vintage Classic,
Date of publication, distribution, etc 2006.
300 ## - PHYSICAL DESCRIPTION
Pagination 240 p. ;
Dimensions 20 cm.
500 ## - GENERAL NOTE
General note Originally published: London: Chatto & Windus, 1927.
650 #0 - SUBJECT ADDED ENTRY--TOPICAL TERM
Topical term or geographic name as entry element Good and evil
Form subdivision Fiction.
651 #0 - SUBJECT ADDED ENTRY--GEOGRAPHIC NAME
Geographic name Dorset (England)
Form subdivision Fiction.
655 #7 -
Genre/form data or focus term Allegories.
Source of term gsafd
942 ## - ADDED ENTRY ELEMENTS (KOHA)
Source of classification or shelving scheme Dewey Decimal Classification
Koha item type Books
Holdings
Source of classification or shelving scheme Damaged status Not for loan Home library Current library Shelving location Total Checkouts Full call number Barcode Date last seen Copy number Koha item type
Dewey Decimal Classification     JCC Rouf Library JCC Rouf Library General Stacks   823.912 POW 2006 8843 02/08/2018 C - 1 Books

JCC Library | Contacts | JCC Home

Last Update on 23 September 2017
Copyright @ 2017-2020 JCC Rouf Library
Rouf Library, Jhenidah Cadet College (JCC), Bangladesh